000 00440cam a2200181ua 4500
020 _c6.50
041 _ahin
_h
082 _a891.54
_bSHR/PR
100 _aSrikrishnan, .
245 0 0 _aPrathinidhi bal ekanki /
_cSrikrishnan.
_hTextual Documents
260 _a :
_bAtmaram and Sons ,
_c1962.
300 _a280 ; .
365 _a6.50
504 _a
700 1 _aYogendra Kumar , Lalla .
942 _cBK
999 _c8171
_d8171